Welcome to the Holygrace Academy Library

Please use search bar below to get started

DUNE (Record no. 3332)

MARC details
000 -LEADER
fixed length control field 00678nam a22001577a 4500
020 ## - INTERNATIONAL STANDARD BOOK NUMBER
ISBN 0-340-82332-1
082 ## - DEWEY DECIMAL CLASSIFICATION NUMBER
Classification number 823
Item number HER/D
100 ## - MAIN ENTRY--AUTHOR NAME
Personal name HERBERT, BRIAN
100 ## - MAIN ENTRY--AUTHOR NAME
Personal name ANDERSON, KEVIN
245 ## - TITLE STATEMENT
Title DUNE
Remainder of title THE BUTLERIAN JIHAD
260 ## - PUBLICATION, DISTRIBUTION, ETC. (IMPRINT)
Place of publication GREAT BRITAIN
Name of publisher NEW ENGLISH LIBRARY
Year of publication 2002
300 ## - PHYSICAL DESCRIPTION
Number of Pages 615
520 ## - SUMMARY, ETC.
Summary, etc The series chronicles the fictional Butlerian Jihad, a crusade by the last free humans in the universe against the thinking machines, a violent and dominating force led by the sentient computer Omnius. Dune: The Butlerian Jihad rose to #7 on The New York Times Best Seller list in its second week of publication.
650 ## - SUBJECT ADDED ENTRY--TOPICAL TERM
Topical Term NOVEL
Geographic subdivision UNITED KINGDOM
942 ## - ADDED ENTRY ELEMENTS (KOHA)
Koha item type Books
Holdings
Withdrawn status Lost status Collection code Home library Current library Shelving location Date acquired Source of acquisition Full call number Accession Number Koha item type
    Fiction Main Library Main Library SHELF-14F- ALPHABETICAL H,I --ENGLISH NOVELS & FICTIONS 24/06/2010 purchase 823 HER/D 05512 Books